Conocimientos, actitudes y prácticas en mujeres del Barrio la Magdalena sobre el autoexamen de mama en la ciudad de Barranquilla 2021 (Registro nro. 614)

Detalles MARC
000 -LEADER
fixed length control field 01907nmm a2200301 a 4500
003 - CONTROL NUMBER IDENTIFIER
control field CO-CtgCURN
005 - DATE AND TIME OF LATEST TRANSACTION
control field 20250721154420.0
008 - FIXED-LENGTH DATA ELEMENTS--GENERAL INFORMATION
fixed length control field 220709s2022 xx f 000 0 und d
040 ## - CATALOGING SOURCE
Original cataloging agency CO-CtgCURN
Language of cataloging spa
Transcribing agency coctgcurn
082 ## - DEWEY DECIMAL CLASSIFICATION NUMBER
Classification number ENF 2022
Item number A659c
100 ## - MAIN ENTRY--PERSONAL NAME
Personal name Aragón Rúa, Lusaida
Relator term autora
9 (RLIN) 5922
245 #0 - TITLE STATEMENT
Title Conocimientos, actitudes y prácticas en mujeres del Barrio la Magdalena sobre el autoexamen de mama en la ciudad de Barranquilla 2021
Medium [electronic resource] /
Statement of responsibility, etc. Lusaida Aragón Rúa; Juri Esther Mercado Villarreal; Seny Montoya Anizar, Andrea Carolina Púa Álvarez; tutor., Jorge Andrés Martínez Merlo
260 ## - PUBLICATION, DISTRIBUTION, ETC.
Place of publication, distribution, etc. Barranquilla, Atlántico :
Name of publisher, distributor, etc. Corporación Universitaria Rafael Núñez,
Date of publication, distribution, etc. 2022
300 ## - PHYSICAL DESCRIPTION
Extent 1 recurso en línea (74 páginas (PDF)) :
Other physical details tablas, gráficas,
502 ## - DISSERTATION NOTE
Dissertation note Trabajo de Grado (Enfermera). Corporación Universitaria Rafael Núñez. Facultad de Ciencias de la Salud. Programa de Enfermería, 2022
504 ## - BIBLIOGRAPHY, ETC. NOTE
Bibliography, etc. note Incluye referencias bibliográficas
520 ## - SUMMARY, ETC.
Summary, etc. El presente trabajo de investigación, se concentra en un análisis situacional sobre el conocimiento, actitudes y prácticas de auto detección temprana del cáncer de mama en una población priorizada en la ciudad de Barranquilla.
521 ## - TARGET AUDIENCE NOTE
Target audience note AREA PROFESIONAL
590 ## - LOCAL NOTE (RLIN)
Local note Programa de Enfermería_27
650 ## - SUBJECT ADDED ENTRY--TOPICAL TERM
Topical term or geographic name entry element Enfermería
Form subdivision Tesis y disertaciones académicas
9 (RLIN) 5923
700 ## - ADDED ENTRY--PERSONAL NAME
Personal name Martínez Merlo, Jorge Andrés
Relator term tutor
9 (RLIN) 5924
700 ## - ADDED ENTRY--PERSONAL NAME
Personal name Mercado Villarreal, Juri Esther
Relator term autora
9 (RLIN) 5925
700 ## - ADDED ENTRY--PERSONAL NAME
Personal name Montoya Anizar, Seny
Relator term autora
9 (RLIN) 5926
700 ## - ADDED ENTRY--PERSONAL NAME
Personal name Púa Álvarez, Andrea Carolina
Relator term autora
9 (RLIN) 5927
856 ## - ELECTRONIC LOCATION AND ACCESS
Uniform Resource Identifier <a href="https://unicurn.sharepoint.com/:b:/s/biblioteca/EWCz-ZdxFfdIheMgNvO3M_0BRoG4EIalmfmMqxsXN9IWGw?e=2N0jFV">https://unicurn.sharepoint.com/:b:/s/biblioteca/EWCz-ZdxFfdIheMgNvO3M_0BRoG4EIalmfmMqxsXN9IWGw?e=2N0jFV</a>
Link text Consulte aquí el texto completo
942 ## - ADDED ENTRY ELEMENTS (KOHA)
Koha item type Trabajos de grado
Classification part ENF 2022
Item part A659c
Source of classification or shelving scheme Dewey Decimal Classification
Suppress in OPAC No
Existencias
Withdrawn status Lost status Source of classification or shelving scheme Damaged status Not for loan Collection Home library Current library Shelving location Date acquired Inventory number Total checkouts Full call number Barcode Date last seen Copy number Price effective from Koha item type
    Dewey Decimal Classification     Trabajos de grado Miguel Henríquez Castañeda Barranquilla Miguel Henríquez Castañeda Barranquilla Trabajo de grado 07/08/2022 05109   ENF 2022 A659c 05109 07/09/2022 ej.1 07/09/2022 Trabajos de grado